V Martine po viac než storočí prestali variť pivo

Hieneken bude vyrábať Martiner v Nitre, do Hurbanova presťahuje jedinú linku v SR na plnenie piva do plechovíc. Prehľad pivovarov a ich vlastníkov. Produkcia a spotreba piva na Slovensku.

Na minha lista:
Detalhes bibliográficos
Autor principal: Hudec, Marián
Formato: Capítulo de Livro
Idioma:eslovaco
Assuntos:
Tags: Adicionar Tag
Sem tags, seja o primeiro a adicionar uma tag!

MARC

LEADER 00000naa$a2200000$$$4500
001 0002612
005 20230925123505.2
041 0 |a slo 
044 |a SK 
245 1 0 |a V Martine po viac než storočí prestali variť pivo  |c aut. Marián Hudec 
520 |a Hieneken bude vyrábať Martiner v Nitre, do Hurbanova presťahuje jedinú linku v SR na plnenie piva do plechovíc. Prehľad pivovarov a ich vlastníkov. Produkcia a spotreba piva na Slovensku. 
610 2 0 |a pivo 
610 2 0 |a pivovary 
610 2 0 |a priemysel pivovarnícky 
610 2 0 |a spotreba 
610 2 0 |a Heineken Slovensko 
100 1 |a Hudec, Marián